| 000 | 01680cam a22004454a 4500 | ||
|---|---|---|---|
| 999 |
_c28994 _d28965 |
||
| 001 | 14207963 | ||
| 003 | EG-ScBUE | ||
| 005 | 20201025125600.0 | ||
| 006 | m||||fq||h 00| 0 | ||
| 008 | 051222t2007 nyua f 001 0 eng d | ||
| 020 | _a140188900X | ||
| 020 | _a9781401889005 | ||
| 035 | _a(OCoLC)ocm62762229 | ||
| 035 | _a(OCoLC)62762229 | ||
| 040 |
_aDLC _beng _erda _cDLC _dYDX _dBAKER _dYDXCP _dDLC _dEG-ScBUE |
||
| 082 | 0 | 4 |
_a621.381 _bGAT _222 |
| 100 | 1 |
_aGates, Earl D., _d1945- _eauthor. _94653 |
|
| 245 | 1 | 0 |
_aIntroduction to electronics / _cEarl D. Gates. |
| 250 | _aFifth edition. | ||
| 264 | 1 |
_aClifton Parks, NY : _bThomson Delmar Learning, _c[2007] |
|
| 264 | 4 | _cc2007 | |
| 300 |
_axxiii, 528 pages : _billustrations (some color) ; _c25 cm + _e1 CD |
||
| 336 |
_2rdacontent _atext _btxt |
||
| 336 |
_2rdacontent _asounds _bsnd |
||
| 337 |
_2rdamedia _aunmediated _bn |
||
| 337 |
_2rdamedia _aaudio _bs |
||
| 338 |
_2rdacarrier _avolume _bnc |
||
| 338 |
_2rdacarrier _acomputer disc _bcd |
||
| 500 | _aIncludes index. | ||
| 500 | _aIncludes appendices. | ||
| 650 | 7 |
_aElectronics. _2BUEsh |
|
| 653 |
_bENGGEN _cOctober2020 |
||
| 655 |
_vReading book _934232 |
||
| 856 | 4 | 1 |
_3Table of contents _uhttp://www.loc.gov/catdir/toc/ecip065/2005037442.html |
| 856 | 4 | 2 |
_3Contributor biographical information _uhttp://www.loc.gov/catdir/enhancements/fy1104/2005037442-b.html |
| 856 | 4 | 2 |
_3Publisher description _uhttp://www.loc.gov/catdir/enhancements/fy1104/2005037442-d.html |
| 906 |
_a7 _bcbc _corignew _d1 _eecip _f20 _gy-gencatlg |
||
| 942 |
_2ddc _cBB |
||